| 000 | 00000nam 2200000zi 4500 |
| 001 | 9.941172 |
| 003 | CaOODSP |
| 005 | 20240726153701 |
| 006 | m o d f |
| 007 | cr |n||||||||| |
| 008 | 240726e201004##onc o f|0| 0 fre d |
| 040 | |aCaOODSP|bfre|erda|cCaOODSP |
| 043 | |an-cn--- |
| 086 | 1 |aIN4-61/2010F-PDF |
| 245 | 00|aRapport de vérification du Groupe de la rémunération du Service des ressources humaines : |bSecteur des services intégrés. |
| 264 | 1|a[Ottawa] : |bBureau du surintendant des institutions financières Canada = Office of the Superintendant of Financial Institutions Canada, |cavril 2010. |
| 300 | |a1 ressource en ligne (13 pages) |
| 336 | |atexte|btxt|2rdacontent/fre |
| 337 | |ainformatique|bc|2rdamedia/fre |
| 338 | |aressource en ligne|bcr|2rdacarrier/fre |
| 500 | |aPublié aussi en anglais sous le titre : Report on Office of the Superintendent of Financial Institutions corporate services sector: human resources - payroll. |
| 610 | 26|aBureau du surintendant des institutions financières Canada|xAudit. |
| 650 | 6|aBulletins de paye|zCanada|xGestion|xAudit. |
| 710 | 2 |aBureau du surintendant des institutions financières Canada, |eorganisme de publication. |
| 775 | 08|tReport on Office of the Superintendent of Financial Institutions corporate services sector : |w(CaOODSP)9.940518 |
| 856 | 40|qPDF|s172 Ko|uhttps://publications.gc.ca/collections/collection_2024/bsif-osfi/IN4-61-2010-fra.pdf |